000 00651nam a2200241Ia 4500
003 OSt
005 20220924152010.0
006 a|||||r|||| 00| 0
007 ta
008 220923b |||||||| |||| 00| 0 tel d
024 _a340361
037 _cTextual
040 _aARTS
_cARTS
_btel
041 _2tel
_atel
082 _aV2:51xM69w, 35w1H6
100 _aMunagapati Viswanadha Sastri Au.
_9225552
245 0 _aGandhi Devudu
260 _c1946
300 _a16p.
_ccm.
650 _aGANDHI, MAHATAMA
_94156
942 _hV2:51xM69w, 35w1H6
_cTEXL
_2CC
999 _c468379
_d468379